ARRUPE JESUIT UNIVERSITY

CORONAVIRUS -STOP THE SPREAD - CLEAN,DISINFECT,COVER

From chaos to order : (Record no. 120829)

MARC details
000 -LEADER
fixed length control field 01006mam a2200301 a 4500
001 - CONTROL NUMBER
control field 1609649
003 - CONTROL NUMBER IDENTIFIER
control field ARRUPE
005 - DATE AND TIME OF LATEST TRANSACTION
control field 20140923020008.0
008 - FIXED-LENGTH DATA ELEMENTS--GENERAL INFORMATION
fixed length control field 960229s1994 ug ab b 001 0 eng
010 ## - LIBRARY OF CONGRESS CONTROL NUMBER
LC control number 95981291
020 ## - INTERNATIONAL STANDARD BOOK NUMBER
International Standard Book Number 9970020447
035 ## - SYSTEM CONTROL NUMBER
System control number (OCoLC)ocm34321271
040 ## - CATALOGING SOURCE
Original cataloging agency DLC
Transcribing agency DLC
042 ## - AUTHENTICATION CODE
Authentication code lcode
043 ## - GEOGRAPHIC AREA CODE
Geographic area code f-ug---
050 00 - LIBRARY OF CONGRESS CALL NUMBER
Classification number JQ2951.A58
Item number F76 1994
082 00 - DEWEY DECIMAL CLASSIFICATION NUMBER
Classification number 320.96761
Edition number 20
300 ## - PHYSICAL DESCRIPTION
Other physical details ill., map ;
Dimensions 21 cm.
245 00 - TITLE STATEMENT
Title From chaos to order :
Remainder of title the politics of constitution-making in Uganda /
Statement of responsibility, etc edited by Holger Bernt Hansen and Michael Twaddle.
260 ## - PUBLICATION, DISTRIBUTION, ETC. (IMPRINT)
Place of publication, distribution, etc Kampala :
Name of publisher, distributor, etc Fountain Publishers ;
Place of publication, distribution, etc London :
Name of publisher, distributor, etc James Curry,
Date of publication, distribution, etc [1994 or 1995]
300 ## - PHYSICAL DESCRIPTION
Extent xv, 194 p. :
504 ## - BIBLIOGRAPHY, ETC. NOTE
Bibliography, etc Includes bibliographical references and index.
650 #0 - SUBJECT ADDED ENTRY--TOPICAL TERM
Topical term or geographic name as entry element Constitutional history
Geographic subdivision Uganda.
9 (RLIN) 11231
651 #0 - SUBJECT ADDED ENTRY--GEOGRAPHIC NAME
Geographic name Uganda
General subdivision Politics and government
Chronological subdivision 1979-
9 (RLIN) 11232
700 1# - ADDED ENTRY--PERSONAL NAME
Personal name Hansen, Holger Bernt.
9 (RLIN) 11233
700 1# - ADDED ENTRY--PERSONAL NAME
Personal name Twaddle, Michael.
9 (RLIN) 11234
942 ## - ADDED ENTRY ELEMENTS (KOHA)
Source of classification or shelving scheme Library of Congress Classification
Koha item type Monograph ( Printed materials)
Koha issues (borrowed), all copies 1
Holdings
Withdrawn status Lost status Source of classification or shelving scheme Damaged status Not for loan Collection code Home library Current library Shelving location Date acquired Total Checkouts Full call number Barcode Date last seen Date checked out Price effective from Koha item type
    Library of Congress Classification     Main Collection ARRUPE LIBRARY ARRUPE LIBRARY Main Collection 10/09/2014 6 JQ2951.A58 F76 1994 46500000426 04/01/2016 04/01/2016 10/09/2014 Monograph ( Printed materials)

 

Arrupe Library. PO Box MP320 Mt Pleasant, Harare, Zimbabwe
263 242 745411|librarian@aju.ac.zw